Comparación económica de sistemas constructivos para vivienda de bajo costo

Uloženo v:
Podrobná bibliografie
Hlavní autor: Navarro Garita, Luis Manuel
Médium: Neznámo
Vydáno: [San José, Costa Rica] 1975
Témata:
Tagy: Přidat tag
Žádné tagy, Buďte první, kdo vytvoří štítek k tomuto záznamu!

MARC

LEADER 00000 a2200000 4500
003 011494
005 20221231143822.0
008 140114s2019 c a m 000 ||s d
040 |c cru CEDI 
090 |a TFG 576 
100 |a Navarro Garita, Luis Manuel  |9 16754 
245 |a Comparación económica de sistemas constructivos para vivienda de bajo costo 
260 |c 1975  |a [San José, Costa Rica] 
300 |a  75 hojas : cuadros  
500 |a  Tesis (Ingeniero Civil)--Universidad de Costa Rica.  
650 |x VIVIENDA - GUARARI (HEREDIA, COSTA RICA)   |x VIVIENDAS DE BAJO COSTO  |9 16755 
942 |c TFG 
999 |c 12448  |d 12448